| 000 | 00728nam a2200193 i 4500 | ||
|---|---|---|---|
| 001 | 87658 | ||
| 003 | ES-MaACL | ||
| 005 | 20250809064003.0 | ||
| 007 | t| | ||
| 008 | 041222s1956 ve ||||1| spa d | ||
| 100 | 1 |
_aKummerow, Gert. _969019 |
|
| 245 | 1 | 0 |
_aAlgunos problemas fundamentales del contrato por adhesión en el Derecho privado / _c[tesis presentada] Gert Kummerow. |
| 260 |
_aCaracas : _bUniversidad Central de Venezuela, _c1956 ( _fSucre) |
||
| 300 |
_a245 p. ; _c23 cm. |
||
| 490 | 1 |
_aPublicaciones de la Facultad de Derecho ; _v16 |
|
| 830 | 0 | 0 |
_aPublicaciones de la Facultad de Derecho de la Universidad de los Andes _v16 _9218483 |
| 852 |
_aES-MaACL _jC-12237 _bR.40082 |
||
| 999 |
_c87658 _d87658 |
||